000 00478nab a2200145Ia 4500
003 ES-SlBCS
005 20210601125448.0
008 140529s1980 xxu||||| |||| 00| 0 eng d
041 _aeng
100 1 _aSkagestad, Peter
_9151901
245 0 0 _aPragmatic Realism: The Peircean Argument Reexamined
_c Peter Skagestad
600 1 _aRealismo Pragmático-Peirce, Charles S.
_9158944
773 0 _tReview of Methaphysics
_gvol. 33, nº. 131, 1980, págs. 527-540
_wRev843
942 _cAR
999 _c530726
_d530726